00754 2200241 4500001002100000005001700021008004100038020001800079035002400097040001200121090001900133100001800152245015800170250001100328260004300339300002500382500003100407650001700438700001500455850001200470990001500482990001500497YOGYA-0209000003696620090227025208.0 ind  a979-655-954-4 0010-020900000036966 aYOPDYOG a615.272bCam E aCAMPBELL, Don aEfek Mosartbmemanfaatkan kekuatan musik untuk mempertajam pikiran, meningkatkan kreativitas dan menyehatkan tubuhcDon Campbell ; alih bahasa T. Hermaya aCet. 2 aJakartabGramedia Pustakaa Utamac2002 aviii, 388 hlmc23 cm aBibliografi : hlm. 361-367 aTerapi musik aHermaya, T aYOPDYOG a05B0008896 a05B0008895